| 000 | 01633nam a2200373 i 4500 | ||
|---|---|---|---|
| 001 | ebr10756820 | ||
| 003 | CaPaEBR | ||
| 006 | m o d | ||
| 007 | cr cn||||||||| | ||
| 008 | 130919s2013 njuad ob 001 0 eng|d | ||
| 010 | _z 2013941765 | ||
| 020 | _z9781848215726 | ||
| 020 | _a9781118761908 (e-book) | ||
| 040 |
_aCaPaEBR _beng _erda _epn _cCaPaEBR |
||
| 035 | _a(OCoLC)861529059 | ||
| 050 | 1 | 4 |
_aTJ280.7 _b.E54 2013eb |
| 245 | 0 | 0 |
_aEnergy geostructures : _binnovation in underground engineering / _cedited by Lyesse Laloui, Alice Di Donna. |
| 264 | 1 |
_aHoboken, NJ : _bWiley, _c2013. |
|
| 300 |
_a1 online resource (320 pages) : _billustrations. |
||
| 336 |
_atext _2rdacontent |
||
| 337 |
_acomputer _2rdamedia |
||
| 338 |
_aonline resource _2rdacarrier |
||
| 440 | 0 | _aCivil engineering and geomechanics series | |
| 504 | _aIncludes bibliographical references and index. | ||
| 505 | 0 | _apart 1. Physical modeling of energy piles at different scales -- part 2. Numerical modeling of energy geostructures -- part 3. Engineering practice. | |
| 588 | _aDescription based on online resource; title from PDF title page (ebrary, viewed September 19, 2013). | ||
| 590 | _aElectronic reproduction. Palo Alto, Calif. : ebrary, 2013. Available via World Wide Web. Access may be limited to ebrary affiliated libraries. | ||
| 650 | 0 | _aGeothermal engineering. | |
| 655 | 0 | _aElectronic books. | |
| 700 | 1 | _aLaloui, Lyesse. | |
| 700 | 1 | _aDonna, Alice Di. | |
| 797 | 2 | _aebrary. | |
| 856 | 4 | 0 |
_uhttp://site.ebrary.com/lib/rucke/Doc?id=10756820 _zAn electronic book accessible through the World Wide Web; click to view |
| 999 |
_c118450 _d118450 |
||